| 000 | 00595nam a2200205Ia 4500 | ||
|---|---|---|---|
| 003 | OSt | ||
| 005 | 20220926044918.0 | ||
| 006 | a|||||r|||| 00| 0 | ||
| 007 | ta | ||
| 008 | 220923b |||||||| |||| 00| 0 eng d | ||
| 037 | _cGeneral Book | ||
| 040 |
_aRTL _cRTL _beng |
||
| 041 |
_2eng _aeng |
||
| 082 | _aV21,k,G.K79x, A.39/GD | ||
| 110 |
_aMadras, Fort St. George (Records of-) _9349540 |
||
| 245 | 0 | _aLetters from Fort St. George. | |
| 700 |
_aMadras, Fort St. George (Records of-) _9349541 |
||
| 942 |
_hV21,k,G.K79x, A.39/GD _cGB _2CC |
||
| 999 |
_c676141 _d676141 |
||